000
002920000a22001330004500
003
MACL
040
_a
MACL
090
_c
36481
_d
36479
100
_a
Chopra, Pran
245
_a
On An Indian Border
260
_b
Asia Publishing House
_c
1964
650
_a
Indian History
942
_c
BOOK
_k
954/CHO
999
_c
36086
_d
36086